Cartoon/TV Show City of Residence - Statistics

General Stats
  • This quiz has been taken 41 times
    23 since last reset
  • The average score is 9 of 18
Answer Stats
Show City % Correct
The Simpsons Springfield
100%
SpongeBob SquarePants Bikini Bottom
91%
Family Guy Quahog
91%
Friends New York City
82%
South Park South Park
73%
***___ ____ Greens Big City
64%
Futurama New New York
64%
King of the Hill Arlen
45%
The Big Bang Theory Pasadena
45%
The Flintstones Bedrock
36%
Phineas and Ferb Danville
36%
Bluey Brisbane
27%
The Jetsons Orbit City
27%
The Loud House Royal Woods
27%
The Thundermans Hiddenville
18%
American Dad Langley Falls
18%
Henry Danger Swellview
18%
Bob’s Burgers Seymour’s Bay
9%
No matching quizzes found
Score Distribution
Percent of People with Each Score
Percentile by Number Answered
Your Score History
You have not taken this quiz since the last reset